000 00422nam a22001217a 4500
005 20260629114334.0
100 _aShahzoor Ali Brohi
_a21-19MSIT-07
_aSupervisor - Dr. Mehwish Leghari
_91019
245 _aComparative Analysis of Techniques for Bug Detection in Software Traceability ( Thesis MS)
260 _aNawabshah
_bQUEST
_c2024
300 _a80p.
700 _aDepartment of Information Technology
_9954
942 _cTHESIS
999 _c69077
_d69074